[Event "FRA-ch op-D"]
[Site "Caen"]
[Date "2011.08.19"]
[Round "4"]
[White "Lenen, Pierre"]
[Black "Pellegrini, Quentin"]
[Result "1/2-1/2"]
[WhiteElo "1391"]
[BlackElo "1480"]
[PlyCount "64"]
[EventDate "2011.08.16"]
[EventType "swiss"]
[EventRounds "9"]
[EventCountry "FRA"]
[SourceTitle "EXT 2012"]
[Source "ChessBase"]
[SourceDate "2011.11.24"]
[SourceVersion "1"]
[SourceVersionDate "2011.11.24"]
[SourceQuality "1"]

1. e4 e6 2. Nf3 d5 3. exd5 exd5 4. d4 Bd6 5. Bd3 Nf6 6. Nbd2 Bg4 7. 0-0 0-0 8. Re1 Re8 9. c3 c5 10. Qc2 Bxf3 11. Rxe8+ Qxe8 12. Nxf3 cxd4 13. cxd4 Qc6 14. Be3 Qxc2 15. Bxc2 Nc6 16. Bb3 Rc8 17. Rc1 Rc7 18. a3 Ne7 19. Rxc7 Bxc7 20. Bg5 Bb6 21. Bxf6 gxf6 22. Kf1 Nc6 23. Bxd5 Nxd4 24. Bxb7 Nxf3 25. gxf3 Bd4 26. b4 Kf8 27. Be4 h6 28. Ke2 Bb2 29. a4 Ke7 30. Bd5 Bc3 31. b5 Ba5 32. f4 f5 1/2-1/2